000
00497nam a2200181Ia 4500
008
100917s9999 xx 000 0 und d
082
_b
61202
100
_a
पचिंद्रे श्रीराम
245
_a
फुलोरा
260
_b
शिवसंस्कार प्रकाशन
_c
1982
300
_a
64
365
_b
7
520
_a
कविता
630
_a
फुलोरा
650
_a
कविता
730
_a
फुलोरा
942
_c
BOOK
999
_c
666596
_d
666593